Billy Elliot Μπίλι Ελιοτ : γεννημένος χορευτής
Αποθηκεύτηκε σε:
| Άλλοι συγγραφείς: | , , , |
|---|---|
| Μορφή: | |
| Γλώσσα: | English Greek |
| Δημοσίευση: |
[S.l.] :
Tiger Aspect Picture,
c2000.
|
| Θέματα: | |
| Ετικέτες: |
Προσθήκη ετικέτας
Δεν υπάρχουν, Καταχωρήστε ετικέτα πρώτοι!
|
MARC
| LEADER | 00000cgm a2200000 i 4500 | ||
|---|---|---|---|
| 001 | 1/6974 | ||
| 008 | 100428s2000 xx ||| | || ||eng|| | ||
| 035 | |l 10107699 | ||
| 040 | |a GR-MyUa |b gre |e AACR2 | ||
| 041 | 0 | |a eng |j gre | |
| 082 | 7 | |a 791.437 |2 (22) | |
| 245 | 0 | 0 | |a Billy Elliot |h [μαγνητοσκόπηση] = |b Μπίλι Ελιοτ : γεννημένος χορευτής / |c directed by Stephen Daldry. |
| 246 | 1 | |i Παράλληλος τίτλος: |a Μπίλι Έλιοτ : |b γεννημένος χορευτής | |
| 260 | |a [S.l.] : |b Tiger Aspect Picture, |c c2000. | ||
| 300 | |a 1 βιντεοδίσκος (101 λεπτ.) : |b ομίλ., έγχρ. ; |c 4 3/4 ίν. | ||
| 500 | |a Κυκλοφόρησε πρώτη φορά ως κινηματογραφική ταινία το 2000. | ||
| 508 | |a Χορογράφος, Peter Darling ; συνθέτης, Stephen Warbeck ; μοντάζ, John Wilson ; σχεδιασμός παραγωγής, Maria Djurkovic ; διεύθυνση φωτογραφίας, Brian Tufano ; εκτέλεση παραγωγής, Natascha Wharton, Charles Brand, David M. Thompson, Tessa Ross ; σενάριο, Lee Hall ; παραγωγή, Greg Brenman, Jon Finn. | ||
| 511 | 0 | ||
| 520 | 8 | ||
| 546 | |a Στα αγγλικά με υπότιτλους στα ελληνικά. | ||
| 650 | 0 | |a Teenage boys |v Drama. | |
| 655 | 7 | |a Feature films |2 lcgft | |
| 700 | 1 | |a Daldry, Stephen, |e drt | |
| 700 | 1 | |a Walters, Julie, |d 1950- |e act | |
| 700 | 1 | |a Lewis, Gary, |d 1958- |e act | |
| 700 | 1 | |a Bell, Jamie, |d 1986- |e act | |
| 852 | |a INST |b SYROS |c AV |e 20100428 |h 791.437 DAL |p 005500007682 |q 005500007682 |t DVD |y 23 | ||
| 901 | |a BIBL5-2008-1 | ||
| 970 | |a Κοντού |b Παρασκευή |z 28/04/2010 | ||